<?xml version="1.0" encoding="UTF-8"?>
<record
    xmlns:xsi="http://www.w3.org/2001/XMLSchema-instance"
    xsi:schemaLocation="http://www.loc.gov/MARC21/slim http://www.loc.gov/standards/marcxml/schema/MARC21slim.xsd"
    xmlns="http://www.loc.gov/MARC21/slim">

  <leader>01617cam a22003013a 4500</leader>
  <controlfield tag="001">1209</controlfield>
  <controlfield tag="005">20231124102618.0</controlfield>
  <datafield tag="020" ind1=" " ind2=" ">
    <subfield code="a">078073003990</subfield>
  </datafield>
  <datafield tag="040" ind1=" " ind2=" ">
    <subfield code="a">OCO</subfield>
    <subfield code="c">OCO</subfield>
    <subfield code="d">OCLCQ</subfield>
    <subfield code="d">DLC</subfield>
    <subfield code="b">eng</subfield>
  </datafield>
  <datafield tag="050" ind1="0" ind2="0">
    <subfield code="a">PZ7</subfield>
  </datafield>
  <datafield tag="082" ind1=" " ind2=" ">
    <subfield code="a">158</subfield>
  </datafield>
  <datafield tag="100" ind1="1" ind2=" ">
    <subfield code="a">Lanier, Bob</subfield>
    <subfield code="d">1948-</subfield>
  </datafield>
  <datafield tag="245" ind1="1" ind2="0">
    <subfield code="a">Out of bounds /</subfield>
    <subfield code="c">by Bob Lanier and Heather Goodyear ; illustrated by Desire Grover.</subfield>
  </datafield>
  <datafield tag="250" ind1=" " ind2=" ">
    <subfield code="a">First printing, June 2003</subfield>
  </datafield>
  <datafield tag="260" ind1=" " ind2=" ">
    <subfield code="a">New York :</subfield>
    <subfield code="b">Scholastic, </subfield>
    <subfield code="c">2003</subfield>
  </datafield>
  <datafield tag="300" ind1=" " ind2=" ">
    <subfield code="a">69 pages :</subfield>
    <subfield code="b">illustrations ;</subfield>
    <subfield code="c">20 cm</subfield>
  </datafield>
  <datafield tag="490" ind1="0" ind2=" ">
    <subfield code="a">Hey L'il D! ;</subfield>
    <subfield code="v">Book 4</subfield>
  </datafield>
  <datafield tag="505" ind1=" " ind2=" ">
    <subfield code="a">R 
</subfield>
  </datafield>
  <datafield tag="520" ind1=" " ind2=" ">
    <subfield code="a">Little Apple shoots and scores with these new early chapter books! Loosely based on NBA all-star Bob Lanier's childhood adventures, the series teaches valuable life lessons through amusing stories. Swish! L'il Dobber shoots and scores--he's a basketball star in training. In fact, the only thing L'il Dobber and his friends like more than shooting hoops at recess is... shooting hoops after school! They're always tossing that ball around in the neighborhood. It's a lot of fun - especially since they're friends with everyone on the block. Everyone, that is, except Mr. Palmer. Mr. Palmer lives next door to L'il D, and he's always causing trouble. It seems like he'd do anything to spoil their fun! Even take their basketball away...?</subfield>
  </datafield>
  <datafield tag="521" ind1=" " ind2=" ">
    <subfield code="a">700 
</subfield>
    <subfield code="b">Lexile 
</subfield>
  </datafield>
  <datafield tag="521" ind1=" " ind2=" ">
    <subfield code="a">R 
</subfield>
    <subfield code="b">Raz-Plus 
</subfield>
  </datafield>
  <datafield tag="655" ind1=" " ind2="7">
    <subfield code="a">Children's stories.</subfield>
    <subfield code="2">lcsh</subfield>
  </datafield>
  <datafield tag="655" ind1=" " ind2="7">
    <subfield code="a">Sports stories.</subfield>
    <subfield code="2">lcsh</subfield>
  </datafield>
  <datafield tag="700" ind1="1" ind2=" ">
    <subfield code="a">Goodyear, Heather</subfield>
    <subfield code="e">coauthor</subfield>
  </datafield>
  <datafield tag="700" ind1="1" ind2=" ">
    <subfield code="a">Grover, Desire</subfield>
    <subfield code="e">illustrator</subfield>
  </datafield>
  <datafield tag="906" ind1=" " ind2=" ">
    <subfield code="a">7</subfield>
    <subfield code="b">cbc</subfield>
    <subfield code="c">copycat</subfield>
    <subfield code="d">2</subfield>
    <subfield code="e">ncip</subfield>
    <subfield code="f">20</subfield>
    <subfield code="g">y-genrareb</subfield>
  </datafield>
  <datafield tag="942" ind1=" " ind2=" ">
    <subfield code="2">ddc</subfield>
    <subfield code="c">BK</subfield>
    <subfield code="n">0</subfield>
  </datafield>
  <datafield tag="999" ind1=" " ind2=" ">
    <subfield code="c">1209</subfield>
    <subfield code="d">1209</subfield>
  </datafield>
  <datafield tag="952" ind1=" " ind2=" ">
    <subfield code="0">0</subfield>
    <subfield code="1">0</subfield>
    <subfield code="2">ddc</subfield>
    <subfield code="4">0</subfield>
    <subfield code="7">0</subfield>
    <subfield code="8">JUVF</subfield>
    <subfield code="a">001</subfield>
    <subfield code="b">002</subfield>
    <subfield code="c">TTP</subfield>
    <subfield code="d">2023-08-08</subfield>
    <subfield code="l">1</subfield>
    <subfield code="o">LAN 158 PZ7</subfield>
    <subfield code="p">FIS00874</subfield>
    <subfield code="q">2026-04-15</subfield>
    <subfield code="r">2026-04-01 08:01:55</subfield>
    <subfield code="s">2026-04-01</subfield>
    <subfield code="t">1</subfield>
    <subfield code="w">2023-08-08</subfield>
    <subfield code="y">BK</subfield>
  </datafield>
  <datafield tag="952" ind1=" " ind2=" ">
    <subfield code="0">0</subfield>
    <subfield code="1">0</subfield>
    <subfield code="2">ddc</subfield>
    <subfield code="4">0</subfield>
    <subfield code="7">0</subfield>
    <subfield code="8">JUVF</subfield>
    <subfield code="a">001</subfield>
    <subfield code="b">002</subfield>
    <subfield code="c">TTP</subfield>
    <subfield code="d">2023-08-08</subfield>
    <subfield code="l">2</subfield>
    <subfield code="o">LAN 158 PZ7</subfield>
    <subfield code="p">FISBK00252</subfield>
    <subfield code="r">2026-03-11 10:36:25</subfield>
    <subfield code="s">2026-02-25</subfield>
    <subfield code="t">2</subfield>
    <subfield code="w">2023-08-08</subfield>
    <subfield code="y">BK</subfield>
  </datafield>
  <datafield tag="952" ind1=" " ind2=" ">
    <subfield code="0">0</subfield>
    <subfield code="1">0</subfield>
    <subfield code="2">ddc</subfield>
    <subfield code="4">0</subfield>
    <subfield code="7">0</subfield>
    <subfield code="8">JUVF</subfield>
    <subfield code="a">001</subfield>
    <subfield code="b">001</subfield>
    <subfield code="c">TTP</subfield>
    <subfield code="d">2023-11-14</subfield>
    <subfield code="l">0</subfield>
    <subfield code="o">LAN 158 PZ7</subfield>
    <subfield code="p">FISTK00200</subfield>
    <subfield code="r">2023-11-14 10:44:59</subfield>
    <subfield code="t">3</subfield>
    <subfield code="w">2023-11-14</subfield>
    <subfield code="y">BK</subfield>
  </datafield>
</record>
